You can't go home again

Saved in:
Bibliografiske detaljer
Hovedforfatter: Wolfe, Thomas Clayton (Author)
Format: Bog
Sprog:engelsk
Udgivet: Nueva York Dell Publishing 1960
Fag:
Tags: Tilføj Tag
Ingen Tags, Vær først til at tagge denne postø!

MARC

LEADER 00000nam a2200000 a 4500
001 UCQ4359
003 CL-VaPUC
008 980904e19600000US |||||||||||||||||eng|d
082 0 4 |a 813  |b WOL  |2 21 
100 0 |a Wolfe, Thomas Clayton  |e author  |9 418599 
245 1 0 |a You can't go home again 
300 |a 671 p 
942 |c BK 
945 |d 19980904 00:00:00  |a crobeson 
260 |a Nueva York  |b Dell Publishing  |c 1960 
650 0 |a Novelas estadounidenses  |9 265217 
650 0 |a Literatura estadounidense  |9 317168 
583 |a last modification  |c 19980904 00:00:00  |k Rodrigo Vera 
999 |c 274743  |d 274741 
952 |0 0  |1 0  |4 0  |6 813_000000000000000_WOL_1960  |7 0  |8 A  |9 311044  |a BIBEDU  |b BIBEDU  |d 2019-11-20  |i 1463306  |o 813 WOL 1960  |p 1463306  |r 2019-11-20  |w 2019-11-20  |y BK  |k LIT 
952 |0 0  |1 0  |4 0  |6 813_000000000000000_WOL_1960  |7 0  |8 A  |9 311045  |a BIBEDU  |b BIBEDU  |d 2019-11-20  |i 474103K  |o 813 WOL 1960  |p 474103K  |r 2019-11-20  |w 2019-11-20  |y BK  |k LIT